[Event "Moscow RUS"]
[Site "?"]
[Date "1996.??.??"]
[Round "5"]
[White "Kedrov Valery V"]
[Black "Kalinin Alexander"]
[Result "1/2-1/2"]
[WhiteElo "2335"]
[BlackElo "2430"]
[PlyCount "47"]
[EventDate "1996.??.??"]
[Source "www.chesslib.no"]
[SourceDate "2004.05.04"]

1. e4 c6 2. d4 d5 3. Nc3 dxe4 4. Nxe4 Bf5 5. Ng3 Bg6 6. Nh3 Nf6 7. Nf4 e5 8. Nxg6 hxg6 9. dxe5 Qa5+ 10. Bd2 Qxe5+ 11. Qe2 Qxe2+ 12. Bxe2 Nbd7 13. O-O-O Bc5 14. f4 O-O-O 15. Bf3 Nb6 16. f5 Nc4 17. Bg5 Rxd1+ 18. Bxd1 Be3+ 19. Bxe3 Nxe3 20. fxg6 Nxd1 21. Rxd1 fxg6 22. h3 Re8 23. Kd2 Re5 24. Nh1 1/2-1/2

[Event "Reykjavik ISL"]
[Site "?"]
[Date "2006.03.12"]
[Round "7"]
[White "Gara Ticia"]
[Black "Pavlovic Milos"]
[Result "0-1"]
[WhiteElo "2265"]
[BlackElo "2494"]
[PlyCount "60"]
[EventDate "2006.??.??"]
[Source "www.chesslib.no"]
[SourceDate "2004.05.04"]

1. e4 c6 2. d4 d5 3. Nc3 dxe4 4. Nxe4 Bf5 5. Ng3 Bg6 6. Nh3 e6 7. Nf4 Bd6 8. Nxg6 hxg6 9. Ne4 Nf6 10. Nxf6+ gxf6 11. Be3 Qb6 12. Qc1 Nd7 13. Be2 f5 14. h3 O-O-O 15. c3 Qc7 16. Qc2 Nf6 17. Bg5 Be7 18. Bxf6 Bxf6 19. Bd3 c5 20. dxc5 e5 21. c6 e4 22. cxb7+ Kb8 23. Be2 e3 24. Bf3 exf2+ 25. Kf1 Bh4 26. Rd1 Qe5 27. Be2 Rxd1+ 28. Qxd1 Rd8 29. Qa4 Rd2 30. Qc4 Rd1+ 0-1

[Event "SLO-ch"]
[Site "?"]
[Date "1998.??.??"]
[Round "7"]
[White "Mohr Georg"]
[Black "Ivacic Vladimir"]
[Result "1-0"]
[WhiteElo "2455"]
[BlackElo "2295"]
[PlyCount "61"]
[EventDate "1998.??.??"]
[Source "www.chesslib.no"]
[SourceDate "2004.05.04"]

1. e4 c6 2. d4 d5 3. Nc3 dxe4 4. Nxe4 Bf5 5. Ng3 Bg6 6. Nh3 e6 7. Nf4 Qh4 8. Be3 Ne7 9. Qd2 Nf5 10. Nxf5 Bxf5 11. O-O-O Bd6 12. Be2 Nd7 13. Nh5 Rg8 14. Ng3 h6 15. Nxf5 exf5 16. g3 Qf6 17. Bd3 O-O-O 18. Qa5 f4 19. gxf4 Bxf4 20. Qxa7 Kc7 21. Qa5+ Nb6 22. Kb1 Rge8 23. Qd2 Nd5 24. Bxf4+ Nxf4 25. Bc4 b5 26. Bb3 Re2 27. Qa5+ Kb7 28. d5 Rd7 29. a4 bxa4 30. dxc6+ Qxc6 31. Bxa4 1-0

[Event "Vierlaenderkampf"]
[Site "?"]
[Date "1998.??.??"]
[Round "1"]
[White "Schaefer Markus"]
[Black "Boehnisch Manfred"]
[Result "1-0"]
[WhiteElo "2420"]
[BlackElo "2330"]
[PlyCount "74"]
[EventDate "1998.??.??"]
[Source "www.chesslib.no"]
[SourceDate "2004.05.04"]

1. e4 c6 2. d4 d5 3. Nc3 dxe4 4. Nxe4 Bf5 5. Ng3 Bg6 6. Nh3 e6 7. Bc4 Bd6 8. Bb3 Nd7 9. Nf4 Ndf6 10. Qf3 Ne7 11. O-O Nf5 12. c3 Nh4 13. Qe2 Qe7 14. Nd3 Nf5 15. Ne5 Nxg3 16. fxg3 Nd7 17. Nc4 Bc7 18. Bf4 Bxf4 19. gxf4 h5 20. Rae1 Bf5 21. Ne3 g6 22. d5 cxd5 23. Bxd5 O-O-O 24. Qb5 Nb6 25. Nxf5 gxf5 26. Bf3 Qc7 27. c4 Rd4 28. Rc1 Rxf4 29. c5 Nd5 30. c6 Qb6+ 31. Qxb6 Nxb6 32. cxb7+ Kb8 33. Rfe1 Rd4 34. Re5 Nd5 35. Bxd5 Rxd5 36. Rxd5 exd5 37. Rc5 Rd8 1-0

[Event "URS-ch U26"]
[Site "Vilnius"]
[Date "1978.??.??"]
[Round "9"]
[White "Ivanov, Alexander"]
[Black "Machulsky, Anatoly D"]
[Result "1/2-1/2"]
[WhiteElo "2395"]
[BlackElo "2350"]
[PlyCount "82"]
[EventDate "1978.??.??"]
[Source "ChessBase"]

1. e4 c6 2. d4 d5 3. Nc3 dxe4 4. Nxe4 Bf5 5. Ng3 Bg6 6. Nh3 Nf6 7. Nf4 Nd5 8. h4 Nxf4 9. Bxf4 h6 10. h5 Bh7 11. c3 e6 12. Bd3 Bxd3 13. Qxd3 Bd6 14. Bd2 Nd7 15. Ne4 Nf6 16. f3 Be7 17. O-O-O O-O 18. Kb1 b5 19. Bc1 Nxe4 20. fxe4 Bg5 21. Rh3 Bxc1 22. Rxc1 Kh8 23. Rf1 Qg5 24. Qe3 Qxe3 25. Rxe3 f6 26. Kc2 Rad8 27. Rd3 Rfe8 28. a4 Rb8 29. b4 bxa4 30. Ra1 Rb5 31. Rxa4 Re7 32. Ra5 Rg5 33. Rxg5 hxg5 34. g4 Kh7 35. Rf3 Rf7 36. Kd3 g6 37. d5 cxd5 38. exd5 exd5 39. hxg6+ Kxg6 40. Rf5 Rd7 41. Kd4 a6 1/2-1/2

[Event "LAT-LIT Match"]
[Site "?"]
[Date "2005.08.14"]
[Round "1"]
[White "Fichmanas Ricardas"]
[Black "Antoms Guntars"]
[Result "1/2-1/2"]
[WhiteElo "2306"]
[BlackElo "2436"]
[PlyCount "26"]
[EventDate "2005.??.??"]
[Source "www.chesslib.no"]
[SourceDate "2004.05.04"]

1. e4 c6 2. d4 d5 3. Nc3 dxe4 4. Nxe4 Bf5 5. Ng3 Bg6 6. Nh3 Nd7 7. Nf4 Ngf6 8. Bc4 e5 9. Qe2 Qe7 10. Nxg6 hxg6 11. dxe5 Nxe5 12. O-O Nxc4 13. Qxc4 O-O-O 1/2-1/2

[Event "Budapest FS08 IM"]
[Site "Budapest"]
[Date "1999.08.11"]
[Round "5"]
[White "Pinter, Gabor"]
[Black "Eperjesi, Laszlo"]
[Result "1/2-1/2"]
[WhiteElo "2332"]
[BlackElo "2381"]
[PlyCount "30"]
[EventDate "1999.08.05"]
[Source "ChessBase"]
[SourceDate "1999.09.14"]

1. e4 c6 2. d4 d5 3. Nc3 dxe4 4. Nxe4 Bf5 5. Ng3 Bg6 6. Nh3 Nd7 7. Nf4 e5 8. Nxg6 hxg6 9. dxe5 Qa5+ 10. Bd2 Qxe5+ 11. Qe2 Ngf6 12. Qxe5+ Nxe5 13. Be3 Ned7 14. Bc4 Rh4 15. Bb3 Nc5 1/2-1/2

[Event "DEN Ch"]
[Site "Denmark"]
[Date "1989.??.??"]
[Round "?"]
[White "Fries Nielsen, Niels J"]
[Black "Berg, Klaus"]
[Result "1/2-1/2"]
[WhiteElo "2310"]
[BlackElo "2390"]
[PlyCount "53"]
[EventDate "1989.??.??"]
[Source "www.chesslib.no"]
[SourceDate "2004.05.04"]

1. e4 c6 2. d4 d5 3. Nc3 dxe4 4. Nxe4 Bf5 5. Ng3 Bg6 6. Nh3 e6 7. Nf4 Qh4 8. Be3 Bd6 9. Qd2 Qe7 10. h4 Bxf4 11. Bxf4 h6 12. O-O-O Nf6 13. Bd3 Bxd3 14. Qxd3 O-O 15. Rde1 Rd8 16. Ne4 Nxe4 17. Rxe4 Nd7 18. Qg3 Kh7 19. Bd6 Qe8 20. Rhe1 Nf6 21. Be5 Qe7 22. Bxf6 Qxf6 23. Rf4 Qe7 24. Rg4 Rg8 25. Qd3+ Kh8 26. Re5 Rad8 27. Qe3 1/2-1/2

[Event "CZE Team Ch 9697"]
[Site "Czech Republic"]
[Date "1997.??.??"]
[Round "3"]
[White "Prandstetter, Eduard"]
[Black "Knazovcik, Ladislav"]
[Result "1/2-1/2"]
[WhiteElo "2395"]
[BlackElo "2295"]
[PlyCount "87"]
[EventDate "1996.??.??"]
[Source "www.chesslib.no"]
[SourceDate "2004.05.04"]

1. e4 c6 2. d4 d5 3. Nc3 dxe4 4. Nxe4 Bf5 5. Ng3 Bg6 6. Nh3 Nf6 7. Nf4 Nd5 8. Nxg6 hxg6 9. Be2 e6 10. Ne4 Nd7 11. h3 Be7 12. c4 N5f6 13. Nc3 Qa5 14. O-O O-O 15. Be3 Rfd8 16. a3 a6 17. b4 Qc7 18. Qb3 Rac8 19. Rac1 Qb8 20. Rfd1 b5 21. Bf3 Nb6 22. Be2 Qb7 23. f3 bxc4 24. Bxc4 Nxc4 25. Qxc4 Nd5 26. Nxd5 cxd5 27. Qd3 Rxc1 28. Rxc1 Rc8 29. Rxc8+ Qxc8 30. Qb3 Qb7 31. Qc3 Bd6 32. Kf2 Bb8 33. Qc5 Ba7 34. Qc3 Qd7 35. Qc2 Qd8 36. Qc6 e5 37. Qxa6 Bxd4 38. Bxd4 Qh4+ 39. Ke2 Qxd4 40. Qc8+ Kh7 41. Qc2 Qg1 42. Kd3 Qd4+ 43. Ke2 Qg1 44. Kd3 1/2-1/2

[Event "Bundesliga 8485"]
[Site "Germany"]
[Date "1985.??.??"]
[Round "?"]
[White "Schulz, Klaus Juergen"]
[Black "Behling, Robert"]
[Result "1-0"]
[WhiteElo "2355"]
[BlackElo "2300"]
[PlyCount "45"]
[EventDate "1984.10.??"]
[Source "ChessBase"]
[SourceDate "1999.07.01"]

1. e4 c6 2. d4 d5 3. Nc3 dxe4 4. Nxe4 Bf5 5. Ng3 Bg6 6. Nh3 Nf6 7. Nf4 e5 8. dxe5 Qa5+ 9. c3 Qxe5+ 10. Be2 Nbd7 11. O-O O-O-O 12. Qa4 Bc5 13. Nd3 Bxd3 14. Bxd3 Nd5 15. Qc2 g6 16. Bd2 Nf4 17. Rae1 Qc7 18. Bc4 Nb6 19. Bb3 f5 20. Ne2 Nd3 21. Rd1 f4 22. Nd4 Bxd4 23. cxd4 1-0

[Event "Gibtele Masters"]
[Site "?"]
[Date "2004.02.01"]
[Round "6"]
[White "Tissir Mohamed"]
[Black "Dunn An1"]
[Result "1-0"]
[WhiteElo "2436"]
[BlackElo "2205"]
[PlyCount "111"]
[EventDate "2004.??.??"]
[Source "www.chesslib.no"]
[SourceDate "2004.05.04"]

1. e4 c6 2. d4 d5 3. Nc3 dxe4 4. Nxe4 Bf5 5. Ng3 Bg6 6. Nh3 e6 7. Nf4 Bd6 8. h4 Bxf4 9. Bxf4 h6 10. c3 Nf6 11. Qb3 Qe7 12. O-O-O b5 13. Bd3 Bxd3 14. Rxd3 O-O 15. Qd1 Nbd7 16. Kb1 Nd5 17. Bc1 f5 18. Nh5 N7f6 19. Nf4 Nxf4 20. Bxf4 Rad8 21. f3 Rd5 22. g4 Nd7 23. g5 e5 24. dxe5 Rxd3 25. Qxd3 Nxe5 26. Qe3 Re8 27. gxh6 Ng6 28. Qxe7 Rxe7 29. Bg5 Re2 30. hxg7 Kxg7 31. h5 Ne5 32. f4 Nc4 33. h6+ Kh7 34. Rd1 Rd2 35. Re1 Rd7 36. Kc1 a5 37. Re6 c5 38. Re7+ Rxe7 39. Bxe7 Kxh6 40. Bxc5 a4 41. Kc2 Kh5 42. b3 Na5 43. bxa4 bxa4 44. Kd3 Kg4 45. Be3 Kf3 46. Bc1 Nc6 47. Kc4 Ke4 48. Kb5 Ne7 49. c4 Kd4 50. Ba3 Nc8 51. Bb2+ Kd3 52. Be5 a3 53. c5 Kc2 54. Kb4 Ne7 55. Kxa3 Kd3 56. Kb4 1-0

[Event "Moscow RUS"]
[Site "?"]
[Date "1996.??.??"]
[Round "1"]
[White "Ivanov Victor L"]
[Black "Gersov Evgeny"]
[Result "1-0"]
[WhiteElo "2450"]
[BlackElo "2190"]
[PlyCount "117"]
[EventDate "1996.??.??"]
[Source "www.chesslib.no"]
[SourceDate "2004.05.04"]

1. e4 c6 2. d4 d5 3. Nc3 dxe4 4. Nxe4 Bf5 5. Ng3 Bg6 6. Nh3 e6 7. Nf4 Bd6 8. Nxg6 hxg6 9. Ne4 Be7 10. g3 Nf6 11. Bg2 Nxe4 12. Bxe4 Nd7 13. c3 Nf6 14. Bf3 Qd7 15. Bd2 Rd8 16. h4 Nd5 17. Qe2 c5 18. dxc5 Bxc5 19. O-O-O Qc7 20. Bg5 Nf6 21. Rxd8+ Kxd8 22. Rd1+ Ke7 23. Bf4 Qc8 24. Qb5 a6 25. Qxb7+ Qxb7 26. Bxb7 Bxf2 27. Bd6+ Kd7 28. Bxa6 Kc6 29. Be5 Ne4 30. Rf1 f6 31. Bd3 Nc5 32. Kc2 Rd8 33. Bxg6 Be3 34. Bf4 Rd2+ 35. Kb1 Bxf4 36. Rxf4 f5 37. g4 Nd3 38. Rc4+ Kd5 39. Rd4+ Ke5 40. b4 Rb2+ 41. Ka1 Rd2 42. a4 Rd1+ 43. Ka2 Nc1+ 44. Kb2 Rg1 45. gxf5 exf5 46. h5 Ne2 47. Rd8 Rg2 48. Kb3 f4 49. Rf8 Kd5 50. Rf5+ Ke6 51. Rf7 Kd5 52. a5 Rg3 53. a6 Rxc3+ 54. Ka4 Rc1 55. a7 Ra1+ 56. Kb5 Nd4+ 57. Kb6 f3 58. Bd3 f2 59. Ba6 1-0

[Event "Young stars of the world 2008 - Memoria"]
[Site "Kirishi RUS"]
[Date "2008.11.22"]
[Round "6"]
[White "Ganichev, Alexander"]
[Black "Shimanov, Aleksandr"]
[Result "0-1"]
[WhiteElo "2148"]
[BlackElo "2476"]
[PlyCount "80"]
[EventDate "2008.11.16"]
[Source "www.chesslib.no"]
[SourceDate "2004.05.04"]

1. e4 c6 2. d4 d5 3. Nc3 dxe4 4. Nxe4 Bf5 5. Ng3 Bg6 6. Nh3 e6 7. Nf4 Qh4 8. Nxg6 hxg6 9. Be3 Bd6 10. Qd2 Nf6 11. O-O-O Nd5 12. Bg5 Qxg5 13. Qxg5 Bf4+ 14. Qxf4 Nxf4 15. Ne4 Ke7 16. c4 Nd7 17. h4 Rhd8 18. g3 Nh5 19. Bg2 Nhf6 20. Rhe1 Nb6 21. b3 Nxe4 22. Bxe4 Kf6 23. f4 Rd7 24. Re2 Rad8 25. Red2 Nc8 26. d5 cxd5 27. cxd5 e5 28. fxe5+ Kxe5 29. Bg2 Kd6 30. Re1 Re7 31. Rxe7 Nxe7 32. Rf2 f6 33. Be4 Rh8 34. Bf3 Nf5 35. Rg2 Re8 36. h5 Re3 37. Bg4 Rxg3 38. Rxg3 Nxg3 39. hxg6 Kxd5 40. Kd2 Kd4 0-1

[Event "Berlin op"]
[Site "Berlin West"]
[Date "1984.??.??"]
[Round "5"]
[White "Rigo, Janos"]
[Black "Jonatansson, Helgi E"]
[Result "1-0"]
[WhiteElo "2370"]
[BlackElo "2200"]
[PlyCount "69"]
[EventDate "1984.08.??"]
[Source "ChessBase"]

1. e4 c6 2. d4 d5 3. Nc3 dxe4 4. Nxe4 Bf5 5. Ng3 Bg6 6. Nh3 e6 7. Nf4 Bd6 8. Ngh5 Bxh5 9. Nxh5 g6 10. Ng3 Nf6 11. c3 Nbd7 12. Qf3 h6 13. Bd3 Qc7 14. Ne4 Nxe4 15. Bxe4 f5 16. Bc2 O-O-O 17. Be3 e5 18. O-O-O e4 19. Qe2 Rde8 20. Kb1 Kb8 21. g3 g5 22. c4 c5 23. dxc5 Nxc5 24. Rd5 Rhf8 25. Rhd1 Rd8 26. Qh5 f4 27. gxf4 Nd3 28. fxg5 hxg5 29. Bxd3 exd3 30. R1xd3 Be7 31. Qd1 Rc8 32. Rd7 Qe5 33. Qh1 Rc6 34. Qd5 Bf6 35. Rb3 1-0

[Event "It Chiburdanidze"]
[Site "?"]
[Date "2004.12.11"]
[Round "9"]
[White "Gvetadze Sopio"]
[Black "Nikoladze Sopio"]
[Result "1/2-1/2"]
[WhiteElo "2324"]
[BlackElo "2242"]
[PlyCount "57"]
[EventDate "2004.??.??"]
[Source "www.chesslib.no"]
[SourceDate "2004.05.04"]

1. e4 c6 2. d4 d5 3. Nc3 dxe4 4. Nxe4 Bf5 5. Ng3 Bg6 6. Nh3 Nf6 7. Nf4 Nd5 8. Nxd5 cxd5 9. Bb5+ Nc6 10. O-O e6 11. f4 Be7 12. f5 exf5 13. Nxf5 O-O 14. Nxe7+ Qxe7 15. c3 Be4 16. Bf4 Nd8 17. Qd2 Ne6 18. Bg3 Qg5 19. Qf2 f5 20. Bd7 Qe7 21. Bxe6+ Qxe6 22. Qf4 Rf6 23. Rae1 Rg6 24. Qc7 Qc6 25. Qe7 Re8 26. Qa3 Qb5 27. Rf2 Ra6 28. Qb3 Qxb3 29. axb3 1/2-1/2

[Event "Espoo We MatSK op"]
[Site "?"]
[Date "2000.??.??"]
[Round "2"]
[White "Salimaki Janne"]
[Black "Maki Uuro Miika"]
[Result "1/2-1/2"]
[WhiteElo "2227"]
[BlackElo "2329"]
[PlyCount "48"]
[EventDate "2000.??.??"]
[Source "www.chesslib.no"]
[SourceDate "2004.05.04"]

1. e4 c6 2. d4 d5 3. Nc3 dxe4 4. Nxe4 Bf5 5. Ng3 Bg6 6. Nh3 e6 7. Nf4 Qc7 8. Nxg6 hxg6 9. Bd3 Bd6 10. Qf3 Bxg3 11. fxg3 Nf6 12. c3 Nbd7 13. Bf4 Qa5 14. a3 O-O-O 15. b4 Qd5 16. O-O Qxf3 17. gxf3 e5 18. dxe5 Nxe5 19. Bxe5 Rxd3 20. Rad1 Rhd8 21. Bd4 Rxd1 22. Rxd1 a5 23. Kf2 axb4 24. axb4 g5 1/2-1/2

[Event "Budapest HUN"]
[Site "?"]
[Date "1998.??.??"]
[Round "7"]
[White "Medvegy Zoltan"]
[Black "Kaczorowski Piotr"]
[Result "1-0"]
[WhiteElo "2350"]
[BlackElo "2200"]
[PlyCount "119"]
[EventDate "1998.??.??"]
[Source "www.chesslib.no"]
[SourceDate "2004.05.04"]

1. e4 c6 2. d4 d5 3. Nc3 dxe4 4. Nxe4 Bf5 5. Ng3 Bg6 6. Nh3 e6 7. Nf4 Ne7 8. h4 h6 9. Nxg6 Nxg6 10. h5 Ne7 11. c4 Nd7 12. Bf4 Ng8 13. Qd2 Ngf6 14. O-O-O Nb6 15. Kb1 Be7 16. f3 Bd6 17. Ne4 Nxe4 18. fxe4 Bxf4 19. Qxf4 Qg5 20. Qc7 Qe7 21. Qg3 Qg5 22. Qa3 Qe7 23. c5 Nd7 24. e5 O-O 25. Qg3 Rfd8 26. Bd3 Nf8 27. Rh4 Nh7 28. Bxh7+ Kxh7 29. Rg4 Rg8 30. Rf1 Rad8 31. Qf3 Rd7 32. Qe4+ Kh8 33. Rf3 Qd8 34. Qe3 Qe7 35. Qf2 Rf8 36. Kc2 b6 37. Rc3 f5 38. Rf4 Rfd8 39. cxb6 axb6 40. Rxc6 Qb4 41. b3 Rxd4 42. Rxd4 Rxd4 43. Rc8+ Kh7 44. a3 Rf4 45. Qe3 Qe4+ 46. Qxe4 Rxe4 47. Rc6 Rxe5 48. Rxb6 f4 49. Kd3 Re3+ 50. Kc4 Re2 51. a4 Rxg2 52. Rxe6 Rg5 53. Re4 Rf5 54. b4 f3 55. Re1 Rxh5 56. a5 Rf5 57. a6 g5 58. a7 Rf8 59. b5 g4 60. Rf1 1-0

[Event "Oberfranken Team Ch U20"]
[Site "?"]
[Date "1998.??.??"]
[Round "5"]
[White "Foetsch Daniel"]
[Black "Doettling Fabian"]
[Result "1/2-1/2"]
[WhiteElo "2165"]
[BlackElo "2345"]
[PlyCount "86"]
[EventDate "1998.??.??"]
[Source "www.chesslib.no"]
[SourceDate "2004.05.04"]

1. e4 c6 2. d4 d5 3. Nc3 dxe4 4. Nxe4 Bf5 5. Ng3 Bg6 6. Nh3 Nf6 7. Nf4 e5 8. Nxg6 hxg6 9. dxe5 Qa5+ 10. Bd2 Qxe5+ 11. Qe2 Nbd7 12. Qxe5+ Nxe5 13. Bc3 Ned7 14. Bxf6 Nxf6 15. Bd3 Rh4 16. O-O Bc5 17. Rfe1+ Kf8 18. Ne4 Nxe4 19. Rxe4 Rxe4 20. Bxe4 Rd8 21. Bd3 a5 22. Rd1 Rd4 23. Be2 Rf4 24. Bf3 g5 25. Rd2 Ke7 26. Re2+ Kd6 27. Re4 Rxe4 28. Bxe4 Bd4 29. b3 Kc5 30. Kf1 a4 31. Ke2 Kb4 32. f3 Ka3 33. Bf5 b5 34. bxa4 bxa4 35. Bd7 Kxa2 36. Bxc6 a3 37. Bd5+ Kb2 38. Bxf7 Kxc2 39. g3 Kb2 40. h4 Bf6 41. hxg5 Bxg5 42. f4 Bd8 43. Kf3 a2 1/2-1/2

[Event "EU-ch 2nd (Women)"]
[Site "Warsaw"]
[Date "2001.04.24"]
[Round "3"]
[White "Gvetadze, Sopio"]
[Black "Lagvilava, Genrieta"]
[Result "1/2-1/2"]
[WhiteElo "2208"]
[BlackElo "2299"]
[PlyCount "110"]
[EventDate "2001.04.22"]
[Source "ChessBase"]
[SourceDate "2001.07.03"]

1. e4 c6 2. d4 d5 3. Nc3 dxe4 4. Nxe4 Bf5 5. Ng3 Bg6 6. Nh3 e6 7. c3 Bd6 8. Nf4 Qc7 9. Qf3 Nd7 10. Bc4 Ngf6 11. h4 e5 12. Nxg6 hxg6 13. Bg5 exd4 14. cxd4 O-O-O 15. Ne2 Qa5+ 16. Bd2 Bb4 17. Bxb4 Qxb4+ 18. Qc3 Qe7 19. O-O-O Nb6 20. Qh3+ Kb8 21. Bd3 Nfd5 22. a3 Qf6 23. Qg3+ Ka8 24. Kb1 Nc8 25. Ka1 Nd6 26. Bb1 Rde8 27. Nc3 Nxc3 28. Qxc3 Nb5 29. Qc4 Rd8 30. Ba2 Rd5 31. Rh3 Nxd4 32. Rhd3 Rhd8 33. Qc3 R5d6 34. Bxf7 Qxf2 35. Bxg6 c5 36. h5 Qxg2 37. Rc1 b6 38. Re3 Qg5 39. Rce1 Kb8 40. Re7 Nb5 41. Qf3 Rd1+ 42. Ka2 R1d7 43. Rxd7 Rxd7 44. Qc6 Qd5+ 45. Qxd5 Rxd5 46. Re7 Rd2 47. Rxg7 c4 48. a4 Nd4 49. Ka3 Rh2 50. Rh7 a5 51. h6 Rh1 52. Ka2 Nb3 53. Bb1 Nc1+ 54. Ka1 Nb3+ 55. Ka2 Nc1+ 1/2-1/2

[Event "XXIV Open"]
[Site "Cappelle La Grande FRA"]
[Date "2008.02.18"]
[Round "4"]
[White "Zozulia, A."]
[Black "Mader, Ma"]
[Result "1-0"]
[WhiteElo "2344"]
[BlackElo "2158"]
[PlyCount "49"]
[EventDate "2008.02.16"]
[Source "www.chesslib.no"]
[SourceDate "2004.05.04"]

1. e4 c6 2. d4 d5 3. Nc3 dxe4 4. Nxe4 Bf5 5. Ng3 Bg6 6. Nh3 e6 7. Nf4 Bd6 8. Nfh5 Bxg3 9. hxg3 Bxh5 10. Rxh5 Nf6 11. Rh4 Qb6 12. a4 a5 13. Ra3 Na6 14. Rb3 Qc7 15. Bf4 Qe7 16. Bd2 Nb4 17. c3 Na6 18. Bd3 Ra7 19. Qf3 Nd5 20. Qe4 g6 21. Bxa6 Rxa6 22. Qe5 Rf8 23. Qb8+ Qd8 24. Qxb7 Qa8 25. Qb8+ 1-0

[Event "XXIII Open"]
[Site "Reykjavik ISL"]
[Date "2008.03.11"]
[Round "9.33"]
[White "Zozulia, Anna"]
[Black "Misiuga, Andrzej"]
[Result "1/2-1/2"]
[WhiteElo "2344"]
[BlackElo "2157"]
[PlyCount "58"]
[EventDate "2008.03.03"]
[Source "www.chesslib.no"]
[SourceDate "2004.05.04"]

1. e4 c6 2. d4 d5 3. Nc3 dxe4 4. Nxe4 Bf5 5. Ng3 Bg6 6. Nh3 Nf6 7. Nf4 Nbd7 8. h4 e5 9. dxe5 Qa5+ 10. c3 Qxe5+ 11. Qe2 Bc5 12. Nxg6 hxg6 13. Bf4 Qxe2+ 14. Bxe2 O-O 15. h5 gxh5 16. Nxh5 Rfe8 17. Rd1 Re4 18. f3 Re6 19. Kf1 b5 20. Ng3 Nb6 21. Bd3 Nbd5 22. Bc1 Rae8 23. Ne4 Bb6 24. Nxf6+ Nxf6 25. Bg5 g6 26. Bxf6 Rxf6 27. Rh4 Rd6 28. Bc2 Red8 29. Rxd6 Rxd6 1/2-1/2

[Event "Europe (championnat jeunes)"]
[Site "?"]
[Date "2004.??.??"]
[Round "7.1"]
[White "Can Emre"]
[Black "Margvelashvili Giorgi"]
[Result "0-1"]
[WhiteElo "2193"]
[BlackElo "2289"]
[PlyCount "94"]
[EventDate "2004.??.??"]
[Source "www.chesslib.no"]
[SourceDate "2004.05.04"]

1. e4 c6 2. d4 d5 3. Nc3 dxe4 4. Nxe4 Bf5 5. Ng3 Bg6 6. Nh3 e6 7. Nf4 Bd6 8. h4 Bxf4 9. Bxf4 h6 10. c3 Nf6 11. Bd3 Bxd3 12. Qxd3 Qd5 13. f3 Nbd7 14. c4 Qa5+ 15. Qd2 Qa6 16. Qc3 b5 17. Ne4 O-O 18. Nxf6+ Nxf6 19. b3 bxc4 20. bxc4 Rfc8 21. O-O c5 22. Rac1 Qxa2 23. dxc5 Rxc5 24. Bxh6 Rac8 25. Ra1 Qxc4 26. Qxc4 Rxc4 27. Bg5 R8c7 28. Be3 Rxh4 29. Rxa7 Rxa7 30. Bxa7 Ra4 31. Bc5 Rc4 32. Bf2 Nd5 33. Ra1 g5 34. Rd1 Kg7 35. g3 Kg6 36. Rd4 Rxd4 37. Bxd4 g4 38. Kf2 Kf5 39. Bb2 f6 40. f4 Ke4 41. Ke2 e5 42. fxe5 fxe5 43. Ba1 Ne7 44. Bc3 Nf5 45. Kf2 Nd4 46. Ba5 Kd3 47. Bc7 e4 0-1

[Event "6th Gibtelecom Masters"]
[Site "Gibraltar ENG"]
[Date "2008.01.28"]
[Round "7"]
[White "Zozulia, A."]
[Black "Borg, A."]
[Result "1-0"]
[WhiteElo "2344"]
[BlackElo "2127"]
[PlyCount "129"]
[EventDate "2008.01.22"]
[Source "www.chesslib.no"]
[SourceDate "2004.05.04"]

1. e4 c6 2. d4 d5 3. Nc3 dxe4 4. Nxe4 Bf5 5. Ng3 Bg6 6. Nh3 e6 7. Nf4 Bd6 8. Ngh5 Bxh5 9. Nxh5 g6 10. Ng3 Nf6 11. c3 Nbd7 12. Bh6 Qc7 13. Qf3 Rg8 14. Bg5 Be7 15. h4 h5 16. O-O-O Qd8 17. Kb1 Ng4 18. Ne4 Ndf6 19. Nc5 Qb6 20. Bc4 Nd5 21. Bxe7 Kxe7 22. Rhe1 Ngf6 23. Bb3 Rae8 24. c4 Nc7 25. Qf4 Rd8 26. Qg5 Nce8 27. d5 Qxc5 28. d6+ Qxd6 29. Rxd6 Rxd6 30. Qa5 a6 31. Qb4 b5 32. Qa5 Kd7 33. Rc1 Ne4 34. Ka1 Nd2 35. cxb5 Nxb3+ 36. axb3 axb5 37. Qc3 Nc7 38. Qf6 Rf8 39. Kb1 Nd5 40. Qg7 Ke7 41. Qd4 Kd7 42. Qa7+ Nc7 43. f3 Rh8 44. Qc5 Nd5 45. Qd4 Re8 46. Qg7 Ke7 47. Qe5 Red8 48. Qg5+ Ke8 49. g4 hxg4 50. fxg4 Ne7 51. h5 Rd5 52. Qh4 gxh5 53. gxh5 Kd7 54. Rf1 Rf8 55. h6 Ng6 56. Qh2 Nh8 57. h7 Kc8 58. Qh6 Rdd8 59. Qg7 Rde8 60. Rf6 Rd8 61. Kc2 Kd7 62. Rf1 Ke7 63. Qf6+ Ke8 64. Ra1 Kd7 65. Ra7+ 1-0

[Event "Budapest FS06 IM"]
[Site "Budapest"]
[Date "2001.06.08"]
[Round "7"]
[White "Wang, Shuai"]
[Black "Eperjesi, Laszlo"]
[Result "1/2-1/2"]
[WhiteElo "2156"]
[BlackElo "2303"]
[PlyCount "33"]
[EventDate "2001.06.02"]
[Source "ChessBase"]
[SourceDate "2001.07.03"]

1. e4 c6 2. d4 d5 3. Nc3 dxe4 4. Nxe4 Bf5 5. Ng3 Bg6 6. Nh3 Nd7 7. Bc4 e6 8. Nf4 Nb6 9. Bb3 a5 10. a4 Nd5 11. Nd3 Ngf6 12. O-O Bd6 13. Qe2 Qb6 14. Rd1 Bxd3 15. Rxd3 Nf4 16. Bxf4 Bxf4 17. Nh5 1/2-1/2

[Event "Budapest FS07 IM-A"]
[Site "Budapest"]
[Date "2001.07.09"]
[Round "8"]
[White "Gara, Anita"]
[Black "Sinn, M Robert"]
[Result "1/2-1/2"]
[WhiteElo "2303"]
[BlackElo "2140"]
[PlyCount "38"]
[EventDate "2001.07.02"]
[Source "ChessBase"]
[SourceDate "2001.09.11"]

1. e4 c6 2. d4 d5 3. Nc3 dxe4 4. Nxe4 Bf5 5. Ng3 Bg6 6. Nh3 Nf6 7. Nf4 e5 8. Nxg6 hxg6 9. dxe5 Qxd1+ 10. Kxd1 Ng4 11. Ne4 Nxe5 12. Bf4 Nbd7 13. c3 f6 14. Kc2 g5 15. Bg3 Be7 16. Rd1 f5 17. Nxg5 Bxg5 18. Bxe5 Nxe5 19. Re1 O-O-O 1/2-1/2

[Event "Sparkassen op-A"]
[Site "?"]
[Date "2000.07.13"]
[Round "7"]
[White "Vaculik Martin"]
[Black "Bramkamp Rainer"]
[Result "1-0"]
[WhiteElo "2222"]
[BlackElo "2216"]
[PlyCount "89"]
[EventDate "2000.??.??"]
[Source "www.chesslib.no"]
[SourceDate "2004.05.04"]

1. e4 c6 2. d4 d5 3. Nc3 dxe4 4. Nxe4 Bf5 5. Ng3 Bg6 6. Nh3 h6 7. Nf4 Bh7 8. Bc4 Nf6 9. c3 e6 10. Qb3 b5 11. Be2 g5 12. Nfh5 Nxh5 13. Bxh5 Qd5 14. Bf3 Qxb3 15. axb3 Bc2 16. b4 Bd3 17. h4 gxh4 18. Rxh4 Kd7 19. Bf4 Bd6 20. Rxh6 Rxh6 21. Bxh6 Kc7 22. Nh5 Nd7 23. Bf4 Nb6 24. Bxd6+ Kxd6 25. Nf4 Bc2 26. Kd2 Bb3 27. Nd3 Bd5 28. Bxd5 Nxd5 29. g3 Nc7 30. Nc5 Nd5 31. Kd3 Nb6 32. b3 Nd7 33. Nxd7 Kxd7 34. Ke4 Kd6 35. g4 f6 36. f3 a6 37. c4 Ke7 38. f4 Kf7 39. g5 Ra7 40. Rh1 Ra8 41. Rh7+ Kg8 42. Re7 fxg5 43. fxg5 a5 44. bxa5 Rxa5 45. Rxe6 1-0

[Event "II Open ROMGAZ"]
[Site "Bucarest ROM"]
[Date "2008.09.11"]
[Round "1"]
[White "Kononenko, Dmitry1"]
[Black "Rucsandescu, D."]
[Result "1-0"]
[WhiteElo "2502"]
[BlackElo "1925"]
[PlyCount "83"]
[EventDate "2008.09.11"]
[Source "www.chesslib.no"]
[SourceDate "2004.05.04"]

1. e4 c6 2. d4 d5 3. Nc3 dxe4 4. Nxe4 Bf5 5. Ng3 Bg6 6. Nh3 Nd7 7. Nf4 e5 8. dxe5 Nxe5 9. Qe2 Qe7 10. Nxg6 Nxg6 11. Be3 Nf6 12. O-O-O Nd5 13. Nf5 Qe5 14. Bd4 Qxe2 15. Bxe2 f6 16. Bc4 Kf7 17. Rhe1 Be7 18. Nxe7 Ngxe7 19. Bc5 Rhe8 20. Bxe7 Rxe7 21. Bxd5+ cxd5 22. Rxe7+ Kxe7 23. Rxd5 Rc8 24. b3 Ke6 25. c4 g6 26. Kc2 h5 27. Kc3 a6 28. Kd4 b6 29. a4 h4 30. a5 Rb8 31. axb6 Rxb6 32. Kc3 g5 33. h3 Rb8 34. b4 Rc8 35. Rd2 Rc7 36. c5 Ke7 37. Kc4 Rc6 38. Re2+ Kd7 39. Kd5 Rc8 40. c6+ Kc7 41. Re7+ Kd8 42. Rh7 1-0